Fast Typing 100 - 5 Letter Words - Statistics

General Stats
  • This quiz has been taken 1,185 times
  • The average score is 82 of 100
Answer Stats
Hint Answer % Correct
seven seven
100%
about about
99%
again again
99%
world world
99%
happy happy
98%
heart heart
98%
pizza pizza
98%
water water
98%
bored bored
96%
board board
95%
sixty sixty
95%
amber amber
94%
death death
94%
dream dream
94%
laugh laugh
94%
month month
94%
apple apple
93%
earth earth
93%
faith faith
93%
green green
93%
sugar sugar
93%
talks talks
93%
tiger tiger
93%
money money
92%
music music
92%
river river
92%
after after
90%
fifty fifty
90%
lemon lemon
90%
peace peace
90%
santa santa
90%
three three
90%
women women
90%
anime anime
89%
erica erica
89%
piece piece
89%
admin admin
88%
forty forty
88%
party party
88%
stone stone
88%
words words
88%
blood blood
87%
light light
86%
piano piano
86%
smile smile
86%
thing thing
86%
cough cough
85%
mouth mouth
85%
abate abate
84%
story story
84%
house house
83%
puppy puppy
83%
above above
82%
birth birth
82%
forum forum
82%
phone phone
82%
point point
82%
power power
82%
queen queen
82%
other other
81%
pasta pasta
80%
plant plant
80%
today today
80%
anger anger
79%
knife knife
79%
smart smart
79%
watch watch
79%
alone alone
78%
magic magic
77%
night night
77%
jelly jelly
76%
brain brain
75%
candy candy
75%
glory glory
75%
mango mango
74%
black black
73%
bully bully
73%
dirty dirty
73%
media media
73%
under under
72%
eight eight
71%
fruit fruit
71%
honor honor
70%
panda panda
69%
field field
68%
truck truck
68%
cycle cycle
67%
radio radio
67%
truth truth
66%
dance dance
65%
voice voice
64%
sorry sorry
63%
train train
63%
zebra zebra
63%
being being
61%
lover lover
59%
never never
58%
royal royal
56%
build build
55%
metal metal
55%
No matching quizzes found
Score Distribution
Percent of People with Each Score
Percentile by Number Answered
Your Score History
You have not taken this quiz